Anastacia - Title in the lyrics - Statistics

General Stats
  • This quiz has been taken 36 times
  • The average score is 7 of 15
Answer Stats
Lyrics Title % Correct
_'_ _____ ____ / Set me free / And let me out this misery I'm outta love
93%
And I wonder if you know / How it really feels / To be ____ _______ _____ Left outside alone
89%
Tried to hold me down / You can't stop me now / I ____ __ ____ Paid my dues
68%
I'm ____ ___ _____ / Of always being ____ ___ _____ Sick and tired
64%
And now somehow all that's left are / ______ __ _ _____ Pieces of a dream
54%
_ ______ __ ___ / You belong to me / Forever I belong to you
50%
It's _____ __ __ _____ / I can't make it alone Heavy on my heart
46%
___ ___ __ ____ ____ / Said love would remind you One day in your life
46%
But I can't get past the hurt / 'Til I give up on these ______ ______ ______ Stupid little things
46%
_______ ___ ______ / Always seem to bring me down Cowboys and kisses
39%
_ ___ ____ ___ / From my head / To my feet / You're all over me I can feel you
36%
If ____ __ _ _____, baby / I'd do my time, whether / It's wrong or right Love is a crime
25%
I'm gonna ____ ____ ______ / And do somthing I never tried Take this chance
25%
You got me ______ __ ___ ______ / Between my heart and my head oh Caught in the middle
21%
Can't stop it if you wanted to / 'Cause I was ____ ___ _____' ___ / Yeah yeah Made for lovin' you
21%
No matching quizzes found
Score Distribution
Percent of People with Each Score
Percentile by Number Answered
Your Score History
You have not taken this quiz